| 000 -LEADER |
| fixed length control field |
01428nam a22003377a 4500 |
| 005 - DATE AND TIME OF LATEST TRANSACTION |
| control field |
20260416164821.0 |
| 008 - FIXED-LENGTH DATA ELEMENTS--GENERAL INFORMATION |
| fixed length control field |
260416b xxu||||| |||| 00| 0 eng d |
| 040 ## - CATALOGING SOURCE |
| Transcribing agency |
Cagayan State University |
| 082 ## - DEWEY DECIMAL CLASSIFICATION NUMBER |
| Edition number |
791.4372 |
| Classification number |
N69 1993 |
| 245 ## - TITLE STATEMENT |
| Title |
Nowhere to run / |
| Statement of responsibility, etc |
directed by Robert Harmon ; written by Joe Eszterhas, Richard Marquand, Leslie Bohem ; produced by Gary Adelson, Craig Baumgarten. |
| 260 ## - PUBLICATION, DISTRIBUTION, ETC. (IMPRINT) |
| Place of publication, distribution, etc |
United State : |
| Name of publisher, distributor, etc |
Columbia Pictures, Alderson-Baumgarten Productions, |
| Date of publication, distribution, etc |
1993. |
| 300 ## - PHYSICAL DESCRIPTION |
| Extent |
1 videofile,(ca 84mins.) : |
| Other physical details |
sound, color. |
| 500 ## - GENERAL NOTE |
| General note |
Summary derived from IMDb Web site. |
| 520 ## - SUMMARY, ETC. |
| Summary, etc |
Sam, an escaped convict, lands up on a farmland onwed by a window. When he learns that a ruthless contractor is trying to take over her land, he helps to fight against the injustice. |
| 521 ## - TARGET AUDIENCE NOTE |
| Target audience note |
The films is rated PG-13 due to its action violence, appealing to viewers who enjoy such genre. |
| 546 ## - LANGUAGE NOTE |
| Language note |
In English Language. |
| 650 ## - SUBJECT ADDED ENTRY--TOPICAL TERM |
| Topical term or geographic name as entry element |
Action. |
| 650 ## - SUBJECT ADDED ENTRY--TOPICAL TERM |
| Topical term or geographic name as entry element |
Drama. |
| 650 ## - SUBJECT ADDED ENTRY--TOPICAL TERM |
| Topical term or geographic name as entry element |
Romance. |
| 650 ## - SUBJECT ADDED ENTRY--TOPICAL TERM |
| Topical term or geographic name as entry element |
Thriller. |
| 700 ## - ADDED ENTRY--PERSONAL NAME |
| Personal name |
Harmon, Robert, director |
| 700 ## - ADDED ENTRY--PERSONAL NAME |
| Personal name |
Ezsterhas, Joe, writer. |
| 700 ## - ADDED ENTRY--PERSONAL NAME |
| Personal name |
Marquand, Richard, writer. |
| 700 ## - ADDED ENTRY--PERSONAL NAME |
| Personal name |
Bohem, Leslie, writer. |
| 700 ## - ADDED ENTRY--PERSONAL NAME |
| Personal name |
Aldelson, Gary, producer. |
| 700 ## - ADDED ENTRY--PERSONAL NAME |
| Personal name |
Baumgarten, Craig, producer. |
| 700 ## - ADDED ENTRY--PERSONAL NAME |
| Personal name |
Van Damme, Jean-Cluade, star. |
| 700 ## - ADDED ENTRY--PERSONAL NAME |
| Personal name |
Arquette, Rosanna, star. |
| 700 ## - ADDED ENTRY--PERSONAL NAME |
| Personal name |
Culkin, Kieran, star. |
| 942 ## - ADDED ENTRY ELEMENTS (KOHA) |
| Source of classification or shelving scheme |
|
| Item type |
Audio-Visual Materials |